Literary Rejection Letters Quiz Stats

 Plays Quiz Updated Apr 20, 2015

Challenge
Share
Tweet
Embed
Score 0/12 Timer 06:00
0 Plays Today
% Correct
Animal Farm - George Orwell
96.9%
The Great Gatsby - F. Scott Fitzgerald
92.9%
On the Road - Jack Kerouac
80.5%
The Wonderful Wizard Of Oz - L. Frank Baum
80.3%
The Diary of Anne Frank - Anne Frank
78.5%
The Sun Also Rises - Ernest Hemingway
61.4%
The Good Earth - Pearl S. Buck
59.4%
Remembrance of Things Past - Marcel Proust
56.6%
Catch-22 - Joseph Heller
56%
Slaughterhouse-Five - Kurt Vonnegut
53.5%
Lolita - Vladimir Nabokov
49.6%
The War Of The Worlds - H.G. Wells
45.8%

You're not logged in!

Compare scores with friends on all Sporcle quizzes.
OR
Log In

You Might Also Like...

Show Comments

Extras

Top Quizzes Today


Score Distribution

Your Account Isn't Verified!

In order to create a playlist on Sporcle, you need to verify the email address you used during registration. Go to your Sporcle Settings to finish the process.

Report this User

Report this user for behavior that violates our Community Guidelines.

Details: